000 00834cab a22001815a 4500
001 L144753
008 080807e20080618xxkmo f s 000 0 eng d
035 _a(Sirsi) u144753
041 0 _aeng
100 1 _aPrior, Grant
245 0 4 _aThe capital is still at the games
260 _c2008
490 _aContract Journal
_v443(6680) 18 June 2008, 23-25(3)
520 _aArticle shows that despite falls in workloads, London is surviving better than the rest of the country, largely as a result of the various opportunities provided by the 2012 Olympics. Charts and statistics show a small rise across most sectors, with a slight downturn in the numbers of skilled tradesmen and professionals across the board.
651 4 _aEngland and Wales
_y1543-
690 _aPROPERTY-COMMERCIAL PROPERTY-COMMERCIAL PROPERTY MARKET
942 _n0
999 _c80574
_d80574